| 000 | 01167nam a2200277 a 4500 | ||
|---|---|---|---|
| 001 | 1417 | ||
| 003 | BR-CuiBMT | ||
| 005 | 20231208003154.0 | ||
| 008 | 231207s2016 mgba 100 0 por d | ||
| 020 | _a9788568149133 | ||
| 040 |
_aBR-CuiBMT _cBR-CuiBMT |
||
| 080 |
_a35.078.3:502.131.1 _x(062) _22007 |
||
| 090 |
_a35.078.3:502.131.1(062) _bC749s |
||
| 111 | 1 |
_aCongresso Internacional de Controle e Políticas Públicas _n(1. : _d2015 : _cBelo Horizonte, MG) |
|
| 245 | 1 | 0 |
_aSala temática : _bdesenvolvimento sustentável ; [Anais do] I Congresso Internacional de controle de políticas públicas ; 06 a 08 de outubro de 2015, Belo Horizonte, MG / _c[realização] Instituto Rui Barbosa ; [autores Jair Santana ... et al.]. |
| 260 |
_aBelo Horizonte : _bTCE-MG, _c2016. |
||
| 300 |
_a40 p. : _bil. ; _c24 cm |
||
| 650 |
_aControle interno _vCongressos |
||
| 650 |
_aPolíticas públicas _vCongressos |
||
| 650 |
_aDesenvolvimento sustentável _vCongressos |
||
| 650 |
_aSustentabilidade _vCongressos |
||
| 700 | 1 |
_aSantana, Jair _4et al. _4autores |
|
| 710 | 2 | _aInstituto Rui Barbosa | |
| 710 | 1 |
_a Minas Gerais. _bTribunal de Contas do Estado. |
|
| 942 |
_2udc _cLV |
||
| 999 |
_c1417 _d1417 |
||